Polish Voivodeship Flags - Statistics

General Stats
  • This quiz has been taken 103 times
  • The average score is 10 of 16
Answer Stats
Picture Answer % Correct
Lower Silesia
74%
Lublin
74%
Greater Poland
70%
Kuyavia-Pomerania
70%
Łódź
70%
Lesser Poland
68%
Masovia
68%
Opole
68%
Podkarpackie
64%
Silesia
64%
Pomerania
62%
Podlaskie
60%
Lubusz
57%
Świętokrzyskie
55%
West Pomerania
55%
Warmia-Masuria
51%
No matching quizzes found
Score Distribution
Percent of People with Each Score
Percentile by Number Answered
Your Score History
You have not taken this quiz